000
00201nam a2200097Ia 4500
008
240331s9999 xx 000 0 und d
082
_b
Ind
100
_a
Indran,
245
0
_a
Tamizh azhagiyal
942
_c
L
999
_c
3687
_d
3687